| 000 | 01219nam a2200409 b 4500 | ||
|---|---|---|---|
| 001 | 02167 | ||
| 003 | DO-SdBNP | ||
| 005 | 20171109104244.0 | ||
| 007 | 02167 | ||
| 008 | 070316s2006 mx | ||| ||spa | ||
| 015 | _a | ||
| 016 | 7 |
_a _2BPMSU |
|
| 017 |
_a _b |
||
| 020 | _a9707707321 | ||
| 035 | _a | ||
| 040 |
_aBPMSU _bspa _cBPMSU _e |
||
| 041 | 1 | _h | |
| 080 | _a | ||
| 082 | 4 |
_a337 _bS855c |
|
| 100 | 1 |
_aStiglitz, Joseph E. _d1943- |
|
| 240 | 1 | 0 |
_aMaking globalization work _lEspañol |
| 245 | 1 | 0 |
_aCómo hacer que funcione la globalización / _h _cJoseph E. Stiglitz ; traducción de Amado Diéguez y Paloma Gómez Crespo |
| 260 |
_a México : _bTaurus, _c2006 |
||
| 300 |
_a433 p. ; _c24 cm |
||
| 490 | 1 | _aPensamiento | |
| 500 | _aIncluye índice | ||
| 500 | _aIncluye datos biográficos del autor en la solapa de la cubierta | ||
| 500 | _a | ||
| 650 | 4 |
_aGLOBALIZACIÓN _xASPECTOS ECONÓMICOS |
|
| 700 |
_a Diéguez, Amado _etraductor |
||
| 700 |
_aGómez Crespo, Paloma _etraductor |
||
| 830 | 0 | _a Pensamiento | |
| 910 | _aValidado. Control de calidad MFF | ||
| 942 |
_2ddc _cBK |
||
| 945 | _aInventariado, 2017/MFF | ||
| 956 |
_a VMATEO _b10 _c20160830 _dBPMSU _f0069 |
||
| 999 |
_c11255 _d11255 |
||